00769nam a2200193 a 450000100100000000500170001000800410002702000150006804000250008310000330010824501090014126000510025030000300030149000370033171000400036883000440040895201060045299900170055800004194520201002035839.0131023s1974 sp 000 0 spa d a8400039890 aDO-SdBNPbspacBNPHU1 aLópez Facal, Javier92787314aLos usos adverbales del acusativo, dativo y genitivo en la lengua de Heródoto /cJavier López Facal. aMadrid :bInstituto Antonio de Nebrija,c1974. a321 p. ; :bil. ;c25 cm.1 aManuales y anejos de Emeritav292 aInstituto Antonio de Nebrija968862 0aManuales y anejos de Emeritav29963832 0010507-18MOaGRbGRcOId2013-10-23iLF1l0o p41945-10r2020-06-25w2020-06-25y1ZNo se presta c41434d41434